000 00478nam a22001697a 4500
003 BD-ChCU
005 20260407101723.0
008 260407b bg ||||| |||| 00| 0 ben d
040 _cBD-ChCU
082 _a510.78 THC
100 _aThomas , Shirley .
_921262
245 _aComputers :
_btheir history , present applications, and future .
_cShirley , Thomas.
260 _aNew York :
_bHolt ,
_cC 1965
300 _a175p.
650 0 _aComputers .
_921265
942 _2ddc
_cBK
_n0
999 _c112094
_d112094